Dinh dưỡng và mở mang trí năng cho trẻ

Αποθηκεύτηκε σε:
Λεπτομέρειες βιβλιογραφικής εγγραφής
Κύριος συγγραφέας: Khu, Mộ Khiết
Μορφή: Βιβλίο
Γλώσσα:Undetermined
Έκδοση: Hà Nội Văn Hóa Thông Tin 2004
Θέματα:
Ετικέτες: Προσθήκη ετικέτας
Δεν υπάρχουν, Καταχωρήστε ετικέτα πρώτοι!
Thư viện lưu trữ: Trung tâm Học liệu Trường Đại học Cần Thơ
LEADER 00571nam a2200205Ia 4500
001 CTU_74309
008 210402s9999 xx 000 0 und d
020 |b 35000 
082 |a 649.3 
082 |b Kh308 
100 |a Khu, Mộ Khiết 
245 0 |a Dinh dưỡng và mở mang trí năng cho trẻ 
245 0 |c Khu Mộ Khiết 
260 |a Hà Nội 
260 |b Văn Hóa Thông Tin 
260 |c 2004 
650 |a Children 
650 |x Nutrition 
904 |i Mai Loan, QHieu 
980 |a Trung tâm Học liệu Trường Đại học Cần Thơ